<?xml version="1.0" encoding="UTF-8"?>
<record
    xmlns:xsi="http://www.w3.org/2001/XMLSchema-instance"
    xsi:schemaLocation="http://www.loc.gov/MARC21/slim http://www.loc.gov/standards/marcxml/schema/MARC21slim.xsd"
    xmlns="http://www.loc.gov/MARC21/slim">

  <leader>03853njm a2200529Ia 4500</leader>
  <controlfield tag="001">54031</controlfield>
  <controlfield tag="003">IT-RoPAU</controlfield>
  <controlfield tag="005">20220918181118.0</controlfield>
  <controlfield tag="008">131025s9999    xx            000 0 und d</controlfield>
  <datafield tag="040" ind1=" " ind2=" ">
    <subfield code="a">IT-RoPAU</subfield>
  </datafield>
  <datafield tag="040" ind1=" " ind2=" ">
    <subfield code="c">IT-RoPAU</subfield>
  </datafield>
  <datafield tag="041" ind1=" " ind2=" ">
    <subfield code="a">ITALIANO</subfield>
  </datafield>
  <datafield tag="999" ind1=" " ind2=" ">
    <subfield code="c">99577</subfield>
    <subfield code="d">99577</subfield>
  </datafield>
  <datafield tag="999" ind1=" " ind2=" ">
    <subfield code="b">n.d.</subfield>
  </datafield>
  <datafield tag="100" ind1=" " ind2=" ">
    <subfield code="a">AA.VV.</subfield>
    <subfield code="9">794</subfield>
  </datafield>
  <datafield tag="100" ind1=" " ind2=" ">
    <subfield code="e">Autore musica</subfield>
    <subfield code="9">22594</subfield>
  </datafield>
  <datafield tag="100" ind1=" " ind2=" ">
    <subfield code="g">Codice autore musica SPICS: 12000</subfield>
    <subfield code="9">796</subfield>
  </datafield>
  <datafield tag="245" ind1=" " ind2=" ">
    <subfield code="a">Five Parade n 4</subfield>
  </datafield>
  <datafield tag="250" ind1=" " ind2=" ">
    <subfield code="a">2a ed.</subfield>
  </datafield>
  <datafield tag="260" ind1=" " ind2=" ">
    <subfield code="a">MILANO</subfield>
  </datafield>
  <datafield tag="260" ind1=" " ind2=" ">
    <subfield code="b">FIVE RECORD</subfield>
    <subfield code="c">1987 [1a Ed.:1986 - Ed. Lingua Orig.: 1986]</subfield>
  </datafield>
  <datafield tag="300" ind1=" " ind2=" ">
    <subfield code="a">DISCO</subfield>
  </datafield>
  <datafield tag="300" ind1=" " ind2=" ">
    <subfield code="c">51 minuti (Testo:  pag.)</subfield>
  </datafield>
  <datafield tag="500" ind1=" " ind2=" ">
    <subfield code="a">Sigle televisive</subfield>
  </datafield>
  <datafield tag="505" ind1=" " ind2=" ">
    <subfield code="a">La sviolinata [(Sigla della trasmissione "Premiatissima 86" in onda su Canale 5) (4:00)] - Canter&#xF2; [(Sigla della trasmissione "Ok il prezzo &#xE8; giusto" in onda su Italia 1) (4:00)] - Nord e Sud Theme [(Sigla dello sceneggiato "Nord e Sud" in onda su Canale 5) (4:00)] - Amore scusami [(Sigla della trasmissione "Premiatissima 86" in onda su Canale 5) (4:00)] - Orazio [(Sigla del serial tv "Orazio" in onda su Canale 5) (3:00)] - Stasera si [(Sigla della trasmissione "Grand Hotel" in onda su Canale 5) (4:00)] - La valigia [(Rita Pavone) (5:00)] - Rose rosse [(Dalla trasmissione televisiva "Premiatissima '86") (4:00)] - Ma in fondo l'Africa non &#xE8; lontana [(Sigla della trasmissione televisiva "Premiatissima '86") (4:00)] - Say! [(Sigla della trasmissione televisiva "Help serale" in onda su Italia 1) (4:00)] - Il sole in tasca [(Sigla della trasmissione televisiva "Pentatlon" in onda su Canale 5) (5:00)] - Onde radio blu [(Sigla della trasmissione televisiva "Buona Domenica" in onda su Canale 5) (4:00)]</subfield>
  </datafield>
  <datafield tag="650" ind1=" " ind2=" ">
    <subfield code="a">SIGLE TV [DISCHI]</subfield>
    <subfield code="e">Codice MATERIA SPICS: 9950</subfield>
    <subfield code="9">22595</subfield>
  </datafield>
  <datafield tag="700" ind1=" " ind2=" ">
    <subfield code="a">Martelli Augusto</subfield>
    <subfield code="d">Codice autore musica SPICS: 11006</subfield>
    <subfield code="e">Autore musica</subfield>
    <subfield code="p">La sviolinata - Stasera si</subfield>
    <subfield code="9">22596</subfield>
  </datafield>
  <datafield tag="700" ind1=" " ind2=" ">
    <subfield code="a">Pinna M.</subfield>
    <subfield code="d">Codice autore musica SPICS: 18900</subfield>
    <subfield code="e">Autore musica</subfield>
    <subfield code="p">Canter&#xF2;</subfield>
    <subfield code="9">22597</subfield>
  </datafield>
  <datafield tag="700" ind1=" " ind2=" ">
    <subfield code="a">Franchi Danilo</subfield>
    <subfield code="d">Codice autore SPICS: 10903</subfield>
    <subfield code="e">Autore</subfield>
    <subfield code="p">Canter&#xF2;</subfield>
    <subfield code="9">22598</subfield>
  </datafield>
  <datafield tag="700" ind1=" " ind2=" ">
    <subfield code="a">Simonluca</subfield>
    <subfield code="d">Codice autore testo/musica SPICS: 18901</subfield>
    <subfield code="e">Autore testo/musica</subfield>
    <subfield code="p">Canter&#xF2;</subfield>
    <subfield code="9">22599</subfield>
  </datafield>
  <datafield tag="700" ind1=" " ind2=" ">
    <subfield code="a">Conti Bill</subfield>
    <subfield code="d">Codice autore musica SPICS: 18902</subfield>
    <subfield code="e">Autore musica</subfield>
    <subfield code="p">Nord e Sud Theme</subfield>
    <subfield code="9">22600</subfield>
  </datafield>
  <datafield tag="700" ind1=" " ind2=" ">
    <subfield code="a">Mescoli G.</subfield>
    <subfield code="d">Codice autore musica SPICS: 14333</subfield>
    <subfield code="e">Autore musica</subfield>
    <subfield code="p">Amore scusami</subfield>
    <subfield code="9">22601</subfield>
  </datafield>
  <datafield tag="700" ind1=" " ind2=" ">
    <subfield code="a">Pallavicini Vito</subfield>
    <subfield code="d">Codice autore testo/musica SPICS: 13656</subfield>
    <subfield code="e">Autore testo/musica</subfield>
    <subfield code="p">Amore scusami</subfield>
    <subfield code="9">22602</subfield>
  </datafield>
  <datafield tag="700" ind1=" " ind2=" ">
    <subfield code="a">Pietrangeli Paolo</subfield>
    <subfield code="d">Codice autore musica SPICS: 13635</subfield>
    <subfield code="e">Autore musica</subfield>
    <subfield code="p">Orazio</subfield>
    <subfield code="9">22603</subfield>
  </datafield>
  <datafield tag="700" ind1=" " ind2=" ">
    <subfield code="a">Ceccarelli L.</subfield>
    <subfield code="d">Codice autore testo/musica SPICS: 18903</subfield>
    <subfield code="e">Autore testo/musica</subfield>
    <subfield code="p">Orazio</subfield>
    <subfield code="9">22604</subfield>
  </datafield>
  <datafield tag="700" ind1=" " ind2=" ">
    <subfield code="a">Ameli P.</subfield>
    <subfield code="d">Codice autore musica SPICS: 18904</subfield>
    <subfield code="e">Autore musica</subfield>
    <subfield code="p">Stasera si</subfield>
    <subfield code="9">22605</subfield>
  </datafield>
  <datafield tag="700" ind1=" " ind2=" ">
    <subfield code="a">Carolain</subfield>
    <subfield code="d">Codice autore musica SPICS: 18906</subfield>
    <subfield code="e">Autore musica</subfield>
    <subfield code="p">La valigia</subfield>
    <subfield code="9">22606</subfield>
  </datafield>
  <datafield tag="700" ind1=" " ind2=" ">
    <subfield code="a">Polito</subfield>
    <subfield code="d">Codice autore musica SPICS: 13987</subfield>
    <subfield code="e">Autore musica</subfield>
    <subfield code="p">Rose rosse</subfield>
    <subfield code="9">22607</subfield>
  </datafield>
  <datafield tag="700" ind1=" " ind2=" ">
    <subfield code="a">Bigazzi Giancarlo</subfield>
    <subfield code="d">Codice autore testo/musica SPICS: 13839</subfield>
    <subfield code="e">Autore testo/musica</subfield>
    <subfield code="p">Rose rosse</subfield>
    <subfield code="9">22608</subfield>
  </datafield>
  <datafield tag="700" ind1=" " ind2=" ">
    <subfield code="a">Vasile P.</subfield>
    <subfield code="d">Codice autore musica SPICS: 18907</subfield>
    <subfield code="e">Autore musica</subfield>
    <subfield code="p">Ma in fondo l'Africa non &#xE8; lontana</subfield>
    <subfield code="9">22609</subfield>
  </datafield>
  <datafield tag="700" ind1=" " ind2=" ">
    <subfield code="a">Jurgens S.</subfield>
    <subfield code="d">Codice autore testo/musica SPICS: 14184</subfield>
    <subfield code="e">Autore testo/musica</subfield>
    <subfield code="p">Ma in fondo l'Africa non &#xE8; lontana</subfield>
    <subfield code="9">22610</subfield>
  </datafield>
  <datafield tag="700" ind1=" " ind2=" ">
    <subfield code="a">Trombetti Giovanni</subfield>
    <subfield code="d">Codice autore testo/musica SPICS: 18908</subfield>
    <subfield code="e">Autore testo/musica</subfield>
    <subfield code="p">Say!</subfield>
    <subfield code="9">22611</subfield>
  </datafield>
  <datafield tag="700" ind1=" " ind2=" ">
    <subfield code="a">Malepasso Enzo</subfield>
    <subfield code="d">Codice autore musica SPICS: 16012</subfield>
    <subfield code="e">Autore musica</subfield>
    <subfield code="p">Il sole in tasca</subfield>
    <subfield code="9">22612</subfield>
  </datafield>
  <datafield tag="700" ind1=" " ind2=" ">
    <subfield code="a">Fiordaliso</subfield>
    <subfield code="d">Codice autore SPICS: 9776</subfield>
    <subfield code="e">Autore</subfield>
    <subfield code="p">Il sole in tasca</subfield>
    <subfield code="9">22613</subfield>
  </datafield>
  <datafield tag="700" ind1=" " ind2=" ">
    <subfield code="a">Bianchi Meme</subfield>
    <subfield code="d">Codice autore testo/musica SPICS: 13536</subfield>
    <subfield code="e">Autore testo/musica</subfield>
    <subfield code="p">Il sole in tasca</subfield>
    <subfield code="9">22614</subfield>
  </datafield>
  <datafield tag="700" ind1=" " ind2=" ">
    <subfield code="a">Graziano Rey</subfield>
    <subfield code="d">Codice autore musica SPICS: 18909</subfield>
    <subfield code="e">Autore musica</subfield>
    <subfield code="p">Onde radio blu</subfield>
    <subfield code="9">22615</subfield>
  </datafield>
  <datafield tag="942" ind1=" " ind2=" ">
    <subfield code="c">MD</subfield>
    <subfield code="2">ddc</subfield>
  </datafield>
  <datafield tag="952" ind1=" " ind2=" ">
    <subfield code="0">0</subfield>
    <subfield code="1">0</subfield>
    <subfield code="4">0</subfield>
    <subfield code="6">54031_000000000000000</subfield>
    <subfield code="7">1</subfield>
    <subfield code="a">SPICS</subfield>
    <subfield code="b">SPICS</subfield>
    <subfield code="d">2013-10-25</subfield>
    <subfield code="l">0</subfield>
    <subfield code="o">54031</subfield>
    <subfield code="r">2013-10-25 00:00:00</subfield>
    <subfield code="w">2013-10-25</subfield>
    <subfield code="y">MD</subfield>
    <subfield code="z">Progr. Ins.: 14934 / N.Vol.: 1 / Copie: 1 - Copia rara: n.d. / date import: 01.01.2014 - By Epidotti, Trombetti, Vaglietti</subfield>
  </datafield>
</record>
